000 00346 a2200169 4500
001 73506
020 _a850806203-6
040 _cAnchieta - Colégio São Paulo
100 _aAlencar, José de
240 1 0 _aTil
_lpor
245 1 0 _aTil
300 _a199
362 0 _a1997
440 1 _aÁtica
650 4 _aFicção brasileira
942 _cBK
999 _c73506
_d73506